000 00575nam a22002057a 4500
003 OSt
005 20180116183000.0
008 141003b xxu||||| |||| 00| 0 eng d
020 _a0
040 _a0
_c0
_e0
082 _a155.283 WIL 2006
100 _aGary S. Wilkinson, PhD
245 _aWRAT 4 Wide Range Achievement Test
_bProfessional Manual
_cGary S. Wilkinson, PhD
260 _aUSA
_bPAR
_c2006
300 _a494p.
_bHB
440 _aWRAT 4 Wide Range Achievement Test
600 _aGary S. Wilkinson, PhD
700 _aGary S. Wilkinson, PhD
942 _2ddc
_cBK
999 _c349800
_d349800